000 00527nam a22001817a 4500
999 _c190464
_d190464
005 20220726125803.0
010 _aENG-133966
020 _c260.00
_a9789391373818
035 _aEN-117498
037 _bDBAD/PUB
082 _a006.31
100 _aSivakumar,A.
245 _aMachine Learning/
_cA. Sivakumar [et.al...]
260 _aMadurai
_bShanlax publications
_c2021
270 _a61,66 T.P.K. main road,Vasantha nagar
_bMadurai
_e625003
300 _a147p.
_c24cm(pbk)
942 _2ddc
_cEN
_h006.31
_mSIV